000 00588nam a22001817a 4500
999 _c189660
_d189660
005 20220708163255.0
010 _aENG-133454
020 _a9789390961665
_c695.00
035 _aEN-116986
037 _bDBAD/PUB
082 _a305.56
100 _aSuresh, Kumar
245 _aExploring the margins:
_bcaste,class and gender identity/
_cSuresh Kumar
260 _aNew Delhi
_bRenu Kaul Verma, Vitasta publishing pvt. ltd.
_c2022
270 _bNew Delhi
_e110002
_a2/15,Ansari road,Daryaganj
300 _axi,298p.
_c23cm(hb)
_bconclusion
942 _2ddc
_cEN
_h305.56
_mSUR